[Event "NRW-ch Seniors 19th"]
[Site "Hattingen"]
[Date "2008.05.29"]
[Round "9"]
[White "Schmoll, Heinz"]
[Black "Bachmann, Karlheinz"]
[Result "1/2-1/2"]
[WhiteElo "1977"]
[BlackElo "2155"]
[PlyCount "62"]
[EventDate "2008.05.19"]
[EventType "swiss"]
[EventRounds "9"]
[EventCountry "GER"]
[SourceTitle "EXT 2010"]
[Source "ChessBase"]
[SourceDate "2010.11.25"]
[SourceVersion "1"]
[SourceVersionDate "2010.11.25"]
[SourceQuality "1"]

1. e4 c5 2. Nf3 e6 3. d4 cxd4 4. Nxd4 Nf6 5. Nc3 d6 6. f4 Nc6 7. Be3 Qc7 8. Be2 Be7 9. 0-0 0-0 10. Kh1 a6 11. Bf3 Na5 12. g4 Bd7 13. g5 Ne8 14. Bg2 Nc4 15. Bc1 b5 16. a3 Bd8 17. Rf3 g6 18. f5 Qa7 19. fxg6 fxg6 20. Rxf8+ Kxf8 21. b3 Ne5 22. Bh3 Ng7 23. Nxe6+ Bxe6 24. Bxe6 Nxe6 25. Qxd6+ Kf7 26. Be3 Qxe3 27. Rf1+ Nf3 28. Nd5 Qxe4 29. Qd7+ Kg8 30. Qe8+ Kg7 31. Qd7+ Kf8 1/2-1/2

[Event "NRW-ch Seniors 19th"]
[Site "Hattingen"]
[Date "2008.05.22"]
[Round "4"]
[White "Bischof, Rainer"]
[Black "Schmoll, Heinz"]
[Result "0-1"]
[WhiteElo "1801"]
[BlackElo "1977"]
[PlyCount "68"]
[EventDate "2008.05.19"]
[EventType "swiss"]
[EventRounds "9"]
[EventCountry "GER"]
[SourceTitle "EXT 2010"]
[Source "ChessBase"]
[SourceDate "2010.11.25"]
[SourceVersion "1"]
[SourceVersionDate "2010.11.25"]
[SourceQuality "1"]

1. c4 e5 2. Nc3 Nf6 3. g3 d6 4. Bg2 Nbd7 5. d3 g6 6. Nf3 Bg7 7. 0-0 0-0 8. Rb1 Re8 9. Nd2 Nf8 10. b4 h5 11. h4 Ng4 12. Nb3 Ne6 13. e3 f5 14. d4 e4 15. Ne2 g5 16. d5 Nf8 17. hxg5 Ng6 18. Nf4 Qxg5 19. Nxg6 Qxg6 20. Bh3 Ne5 21. Nd4 Re7 22. Kh2 Nxc4 23. f4 exf3 24. Nxf3 Nxe3 25. Bxe3 Rxe3 26. Rc1 Be5 27. Rg1 h4 28. Nxe5 hxg3+ 29. Kg2 dxe5 30. Rxc7 f4 31. Rxc8+ Rxc8 32. Bxc8 f3+ 33. Kf1 f2 34. Be6+ Kg7 0-1

[Event "Niederrhein-ch"]
[Site "Wuppertal"]
[Date "2008.03.15"]
[Round "1"]
[White "Preuschoff, Michael"]
[Black "Schmoll, Heinz"]
[Result "1-0"]
[WhiteElo "2258"]
[BlackElo "2129"]
[PlyCount "47"]
[EventDate "2008.03.15"]
[EventType "swiss"]
[EventRounds "7"]
[EventCountry "GER"]
[SourceTitle "EXT 2010"]
[Source "ChessBase"]
[SourceDate "2010.11.25"]
[SourceVersion "1"]
[SourceVersionDate "2010.11.25"]
[SourceQuality "1"]

1. Nf3 Nf6 2. b3 g6 3. Bb2 Bg7 4. g3 0-0 5. Bg2 c5 6. c4 Nc6 7. 0-0 d5 8. cxd5 Nxd5 9. Bxg7 Kxg7 10. d4 e6 11. dxc5 Qf6 12. Na3 Nc3 13. Qc2 Nb4 14. Qb2 Rd8 15. Rfc1 Nbd5 16. Nc4 b6 17. Nce5 Ba6 18. Rxc3 Nxc3 19. Qxc3 Bxe2 20. Qe3 Ba6 21. Rc1 bxc5 22. Ng5 Rac8 23. Ngxf7 Rd4 24. h4 1-0

[Event "EU-ch Seniors 07th"]
[Site "Hockenheim"]
[Date "2007.06.10"]
[Round "9"]
[White "Striebich, Rudolf"]
[Black "Schmoll, Heinz"]
[Result "1-0"]
[WhiteElo "2187"]
[BlackElo "2133"]
[PlyCount "25"]
[EventDate "2007.06.02"]
[EventType "swiss"]
[EventRounds "9"]
[EventCountry "GER"]
[SourceTitle "CBM 118 Extra"]
[Source "ChessBase"]
[SourceDate "2007.07.04"]
[SourceVersion "1"]
[SourceVersionDate "2007.07.04"]
[SourceQuality "1"]

1. e4 e5 2. Nf3 Nc6 3. Bb5 Bc5 4. Nxe5 Nxe5 5. d4 c6 6. Be2 Bb6 7. dxe5 Qh4 8. 0-0 Qxe4 9. Bd3 Qh4 10. Nd2 Ne7 11. Ne4 h6 12. Nd6+ Kf8 13. Qf3 1-0

[Event "EU-ch Seniors 07th"]
[Site "Hockenheim"]
[Date "2007.06.03"]
[Round "2"]
[White "Schmoll, Heinz"]
[Black "Rosen, Willy"]
[Result "0-1"]
[WhiteElo "2133"]
[BlackElo "2279"]
[PlyCount "70"]
[EventDate "2007.06.02"]
[EventType "swiss"]
[EventRounds "9"]
[EventCountry "GER"]
[SourceTitle "CBM 118 Extra"]
[Source "ChessBase"]
[SourceDate "2007.07.04"]
[SourceVersion "1"]
[SourceVersionDate "2007.07.04"]
[SourceQuality "1"]

1. e4 c5 2. Nf3 Nc6 3. d4 cxd4 4. Nxd4 Qb6 5. Nb3 Nf6 6. Nc3 e6 7. Bg5 Be7 8. Be3 Qc7 9. Be2 a6 10. a4 b6 11. f4 d6 12. 0-0 Bb7 13. Bf3 0-0 14. g4 Rfe8 15. g5 Nd7 16. Bg2 Nb4 17. Rf2 Rac8 18. Rd2 Nc5 19. Nd4 Bf8 20. Nde2 d5 21. e5 Ne4 22. Nxe4 dxe4 23. c3 Nd5 24. Bd4 Bc5 25. Qb1 Ne3 26. Bxe4 Nc4 27. Bxh7+ Kf8 28. Bxc5+ bxc5 29. Rd3 Qc6 30. Rg3 Nd2 31. Qa2 Qh1+ 32. Kf2 Qxh2+ 33. Ke3 Bd5 34. b3 Nxb3 35. c4 Bxc4 0-1

[Event "Niederrhein-ch"]
[Site "Krefeld"]
[Date "2007.04.07"]
[Round "9"]
[White "Lemanczyk, Thomas"]
[Black "Schmoll, Heinz"]
[Result "1/2-1/2"]
[WhiteElo "2238"]
[BlackElo "2018"]
[PlyCount "64"]
[EventDate "2007.03.30"]
[EventType "swiss"]
[EventRounds "9"]
[EventCountry "GER"]
[SourceTitle "EXT 2010"]
[Source "ChessBase"]
[SourceDate "2010.11.25"]
[SourceVersion "1"]
[SourceVersionDate "2010.11.25"]
[SourceQuality "1"]

1. d4 Nf6 2. Nf3 e6 3. g3 d5 4. Bg2 Be7 5. 0-0 0-0 6. c4 dxc4 7. Qc2 c6 8. Qxc4 b5 9. Qc2 Bb7 10. Nbd2 Qb6 11. Nb3 Nbd7 12. Bg5 c5 13. Bxf6 gxf6 14. dxc5 Nxc5 15. Nxc5 Bxc5 16. Qd2 Rfd8 17. Qf4 Be7 18. Rad1 Rxd1 19. Rxd1 Rd8 20. Qg4+ Kh8 21. Rxd8+ Qxd8 22. Qh5 Qd1+ 23. Bf1 Kg7 24. Qxb5 Bxf3 25. exf3 Qxf3 26. Be2 Qe4 27. Bd3 Qd4 28. Bf1 Bc5 29. Qe2 h5 30. b3 h4 31. Qf3 hxg3 32. hxg3 f5 1/2-1/2

[Event "Niederrhein-ch"]
[Site "Krefeld"]
[Date "2007.04.02"]
[Round "4"]
[White "Pak, Raman"]
[Black "Schmoll, Heinz"]
[Result "1/2-1/2"]
[WhiteElo "2142"]
[BlackElo "2018"]
[PlyCount "124"]
[EventDate "2007.03.30"]
[EventType "swiss"]
[EventRounds "9"]
[EventCountry "GER"]
[SourceTitle "EXT 2010"]
[Source "ChessBase"]
[SourceDate "2010.11.25"]
[SourceVersion "1"]
[SourceVersionDate "2010.11.25"]
[SourceQuality "1"]

1. c4 Nf6 2. Nc3 e5 3. Nf3 d6 4. g3 g6 5. Bg2 Bg7 6. 0-0 Nbd7 7. d4 0-0 8. h3 h5 9. e4 c6 10. Be3 a5 11. Qd2 Re8 12. d5 c5 13. Nh2 Nb6 14. Qd3 Nh7 15. f4 f5 16. exf5 Bxf5 17. Be4 exf4 18. Rxf4 Ng5 19. Bxf5 gxf5 20. Kg2 Ne4 21. Nxe4 Rxe4 22. Rxe4 fxe4 23. Qxe4 Qe8 24. Qd3 Nxc4 25. Qxc4 Qxe3 26. Rf1 Re8 27. b3 Bd4 28. Nf3 Qe2+ 29. Kh1 Qe4 30. Kh2 Qe2+ 31. Kh1 b5 32. Qc1 Rf8 33. Nd2 Rf2 34. Rxf2 Qxf2 35. Qd1 Qxg3 36. Qf1 Be5 37. Qg2 Qxg2+ 38. Kxg2 Kf7 39. Kf3 Kg6 40. Ke4 Kf6 41. Nb1 Bb2 42. Nd2 Bc1 43. Nf1 Kg5 44. Ng3 Bf4 45. Ne2 Be5 46. Ng1 c4 47. Nf3+ Kf6 48. bxc4 bxc4 49. a4 c3 50. Ne1 Kg6 51. Nc2 Kg5 52. Ne1 Bg3 53. Nf3+ Kf6 54. Nd4 Bf2 55. Nb3 Be1 56. Kd3 c2 57. Kxc2 Kg5 58. Nd4 Kf4 59. Kd3 Bb4 60. Nc6 Be1 61. Ke2 Bc3 62. Kd3 Be1 1/2-1/2

[Event "NRW-ch"]
[Site "Muelheim"]
[Date "2006.10.13"]
[Round "7"]
[White "Kappelt, Joerg"]
[Black "Schmoll, Heinz"]
[Result "1-0"]
[WhiteElo "2142"]
[BlackElo "2115"]
[PlyCount "91"]
[EventDate "2006.10.07"]
[EventType "swiss"]
[EventRounds "7"]
[EventCountry "GER"]
[SourceTitle "CBM 114 Extra"]
[Source "ChessBase"]
[SourceDate "2006.11.03"]
[SourceVersion "1"]
[SourceVersionDate "2006.11.03"]
[SourceQuality "1"]

1. g3 c5 2. Bg2 Nc6 3. Nf3 e5 4. d3 d5 5. 0-0 Be7 6. e4 d4 7. Nbd2 f6 8. Nh4 Nh6 9. f4 0-0 10. f5 Nf7 11. g4 Nd6 12. Nc4 b5 13. Nxd6 Bxd6 14. a4 bxa4 15. Rxa4 a5 16. Rf2 Ba6 17. Bf1 Bb5 18. Ra1 a4 19. Nf3 h6 20. h4 Na5 21. g5 hxg5 22. hxg5 Kf7 23. Nh4 Ke8 24. Ng6 Rg8 25. b3 Nc6 26. c3 dxc3 27. d4 Bxf1 28. Qxf1 cxd4 29. Qc4 Kd7 30. Rfa2 Re8 31. Rxa4 Rxa4 32. Rxa4 Qb6 33. Ra6 Qb7 34. Qf7+ Be7 35. Qe6+ Kc7 36. Nxe7 Rxe7 37. Rxc6+ Qxc6 38. Qxe7+ Kb8 39. Qf8+ Ka7 40. Qxg7+ Ka8 41. Qg8+ Ka7 42. Qf7+ Kb8 43. Qd5 Qa6 44. Qd8+ Kb7 45. Qe7+ Kb8 46. Qb4+ 1-0

[Event "NRW-ch"]
[Site "Muelheim"]
[Date "2006.10.12"]
[Round "6"]
[White "Schmoll, Heinz"]
[Black "Frohne, Gerd"]
[Result "0-1"]
[WhiteElo "2115"]
[BlackElo "2202"]
[PlyCount "74"]
[EventDate "2006.10.07"]
[EventType "swiss"]
[EventRounds "7"]
[EventCountry "GER"]
[SourceTitle "CBM 114 Extra"]
[Source "ChessBase"]
[SourceDate "2006.11.03"]
[SourceVersion "1"]
[SourceVersionDate "2006.11.03"]
[SourceQuality "1"]

1. e4 e6 2. d4 d5 3. Nc3 Nf6 4. Bg5 dxe4 5. Nxe4 Be7 6. Bxf6 gxf6 7. Nf3 a6 8. Qd2 b5 9. 0-0-0 Bb7 10. Qe3 Bd5 11. Kb1 Nd7 12. Bd3 c6 13. Rhe1 Bb4 14. Re2 Qa5 15. b3 Qc7 16. c3 Be7 17. Ned2 c5 18. c4 bxc4 19. Nxc4 cxd4 20. Qxd4 Nc5 21. Bc2 Rd8 22. Qc3 Na4 23. Qe1 Bxc4 24. Rxd8+ Bxd8 25. bxc4 Qxc4 26. Bxa4+ Qxa4 27. Rb2 0-0 28. Rb4 Qc6 29. Qe3 f5 30. Qh6 Qd6 31. Rd4 Qb6+ 32. Kc2 e5 33. Rd6 Qxf2+ 34. Kb3 Be7 35. Rb6 Rc8 36. Nd2 Qc5 37. Rc6 Qxc6 0-1

[Event "NRW-ch"]
[Site "Muelheim"]
[Date "2006.10.09"]
[Round "3"]
[White "Schmoll, Heinz"]
[Black "Rapatinski, Konstantin"]
[Result "0-1"]
[WhiteElo "2115"]
[BlackElo "2194"]
[PlyCount "104"]
[EventDate "2006.10.07"]
[EventType "swiss"]
[EventRounds "7"]
[EventCountry "GER"]
[SourceTitle "CBM 114 Extra"]
[Source "ChessBase"]
[SourceDate "2006.11.03"]
[SourceVersion "1"]
[SourceVersionDate "2006.11.03"]
[SourceQuality "1"]

1. e4 c5 2. Nf3 e6 3. d4 cxd4 4. Nxd4 Nc6 5. Nc3 Qc7 6. g3 a6 7. Bg2 d6 8. 0-0 Bd7 9. a4 Be7 10. Re1 Nf6 11. Nde2 0-0 12. b3 Rac8 13. Bb2 Ne5 14. Nd4 Rfd8 15. Rc1 Qc5 16. h3 b5 17. axb5 axb5 18. Ra1 Ra8 19. Qd2 b4 20. Na2 Rab8 21. Nc1 h5 22. Kh1 h4 23. f4 Ng6 24. Nd3 Qb6 25. g4 Nh7 26. Nf3 Bc6 27. Bd4 Qb5 28. Ra4 d5 29. e5 Ra8 30. f5 Ngf8 31. Rea1 Rxa4 32. Rxa4 Ra8 33. Rxa8 Bxa8 34. Bf2 d4 35. Bxd4 exf5 36. gxf5 Be4 37. f6 gxf6 38. exf6 Nxf6 39. Nxh4 Qh5 40. Bxe4 Nxe4 41. Qg2+ Ng5 42. Nf5 Bd8 43. Nf2 Qe2 44. Nd3 Qd1+ 45. Bg1 Ng6 46. Ne3 Qa1 47. Nxb4 Nf4 48. Qg4 Qa8+ 49. Ng2 Nfxh3 50. Bd4 Bf6 51. Qd7 Qf3 52. Bxf6 Nf2+ 0-1

[Event "NRW-ch"]
[Site "Muelheim"]
[Date "2006.10.08"]
[Round "2"]
[White "Becker, Marc"]
[Black "Schmoll, Heinz"]
[Result "1-0"]
[WhiteElo "2361"]
[BlackElo "2115"]
[PlyCount "43"]
[EventDate "2006.10.07"]
[EventType "swiss"]
[EventRounds "7"]
[EventCountry "GER"]
[SourceTitle "CBM 114 Extra"]
[Source "ChessBase"]
[SourceDate "2006.11.03"]
[SourceVersion "1"]
[SourceVersionDate "2006.11.03"]
[SourceQuality "1"]

1. d4 Nf6 2. c4 e6 3. Nc3 d5 4. cxd5 Nxd5 5. e4 Nxc3 6. bxc3 c5 7. Nf3 cxd4 8. cxd4 Bb4+ 9. Bd2 Bxd2+ 10. Qxd2 0-0 11. Bc4 Nc6 12. 0-0 b6 13. Rad1 Bb7 14. Rfe1 Na5 15. Bd3 h6 16. d5 exd5 17. e5 Nc4 18. Qe2 Qe7 19. Nd4 Rae8 20. Nf5 Qxe5 21. Bxc4 Qxf5 22. Qxe8 1-0